<?xml version="1.0" encoding="UTF-8"?>
<record
    xmlns:xsi="http://www.w3.org/2001/XMLSchema-instance"
    xsi:schemaLocation="http://www.loc.gov/MARC21/slim http://www.loc.gov/standards/marcxml/schema/MARC21slim.xsd"
    xmlns="http://www.loc.gov/MARC21/slim">

  <leader>00376nam a2200133Ia 4500</leader>
  <controlfield tag="005">20260326235450.0</controlfield>
  <controlfield tag="008">260326s9999||||xx |||||||||||||| ||und||</controlfield>
  <datafield tag="100" ind1=" " ind2=" ">
    <subfield code="a">Castellanos, Alfredo R.</subfield>
  </datafield>
  <datafield tag="245" ind1=" " ind2="0">
    <subfield code="a">Uruguay :</subfield>
    <subfield code="b"> Movimientos Hist&#xF3;ricos y Arqueol&#xF3;gicos /</subfield>
    <subfield code="c">Alfredo R. Castellanos</subfield>
  </datafield>
  <datafield tag="260" ind1=" " ind2=" ">
    <subfield code="b">Secretaria General del IPGH</subfield>
  </datafield>
  <datafield tag="300" ind1=" " ind2=" ">
    <subfield code="a">43 p.</subfield>
  </datafield>
  <datafield tag="650" ind1=" " ind2=" ">
    <subfield code="a">ARTE</subfield>
  </datafield>
  <datafield tag="942" ind1=" " ind2=" ">
    <subfield code="c">BK</subfield>
  </datafield>
  <datafield tag="999" ind1=" " ind2=" ">
    <subfield code="c">7724</subfield>
    <subfield code="d">7724</subfield>
  </datafield>
  <datafield tag="952" ind1=" " ind2=" ">
    <subfield code="0">0</subfield>
    <subfield code="1">0</subfield>
    <subfield code="4">0</subfield>
    <subfield code="7">0</subfield>
    <subfield code="8">GEN</subfield>
    <subfield code="a">GPC</subfield>
    <subfield code="b">GPC</subfield>
    <subfield code="c">GEN</subfield>
    <subfield code="d">2026-03-27</subfield>
    <subfield code="e">Compra</subfield>
    <subfield code="i">1508</subfield>
    <subfield code="l">0</subfield>
    <subfield code="o">720.77 C 2764</subfield>
    <subfield code="p">1508</subfield>
    <subfield code="r">2026-03-27 04:54:50</subfield>
    <subfield code="t">1</subfield>
    <subfield code="w">2026-03-27</subfield>
    <subfield code="y">BK</subfield>
  </datafield>
</record>
